• 首页
  • 本馆介绍
  • 公告通知
  • 最新文献
  • 馆藏检索
  • 电子资源
  • 读者导购
  • 参考咨询
  • 我的图书馆
  • 登录
  • 详细信息显示
  • 放入我的书架
  • 预约/预借图书
  • 作者相关作品
  • 分类相关作品
  • 丛书相关作品
  • 出版社相关作品

书目信息

  • 表格格式
  • 工作单格式
  • 卡片格式
题名:
基于ATRP法构建聚合物基因载体的研究
    
 
作者: 朱韵 著
分册:  
出版信息: 郑州   郑州大学出版社  2019.5
页数: 136页
开本: 21cm
丛书名:
单 册:
中图分类: O63
科图分类:
主题词: 聚合物--基因载体--研究
电子资源:
ISBN: 978-7-5645-6255-7
000 00915nam0 2200229 45
001 012001002433
005 20140914100835.0
010    @a978-7-5645-6255-7@dCNY26.00
100    @a20190718d2019 em y0chiy50 ea
101 0  @achi
102    @aCN@b410000
105    @aa z 000yy
106    @ar
200 1  @a基于ATRP法构建聚合物基因载体的研究@Aji yu ATRP fa gou jian ju he wu ji yin zai ti de yan jiu@b专著@f朱韵著
210    @a郑州@c郑州大学出版社@d2019.5
215    @a136页@c图@d21cm
330    @a本书针对目前非病毒基因载体材料的发展趋势,围绕目前大部分阳离子载体细胞毒性高并且转染效率低的科学问题,利用原子转移自由基聚合这一有效的高分子设计工具,基于ATRP法构建了不同的阳离子聚合物基因载体,并对其性能进行了研究,对开发安全而高效基因载体具有重要意义。
606 0  @a聚合物@x基因载体@x研究
690    @aO63@v5
701  0 @a朱韵@Azhu yun@4著
801  0 @aCN@bBJSDL@c20211011
905    @b1339708-11@dO63@e107@f4
    
    基于ATRP法构建聚合物基因载体的研究/朱韵著.-郑州:郑州大学出版社,2019.5
    136页:图;21cm
    
    
    ISBN 978-7-5645-6255-7:CNY26.00
    本书针对目前非病毒基因载体材料的发展趋势,围绕目前大部分阳离子载体细胞毒性高并且转染效率低的科学问题,利用原子转移自由基聚合这一有效的高分子设计工具,基于ATRP法构建了不同的阳离子聚合物基因载体,并对其性能进行了研究,对开发安全而高效基因载体具有重要意义。
●
相关链接 在E读中查询图书 在五车中查询图书 在当当中查询图书 在豆瓣中查询图书


正题名:基于ATRP法构建聚合物基因载体的研究     索取号:O63/107         预约/预借

序号 登录号 条形码 馆藏地/架位号 状态 备注
1 1339708   213397082   第二样本阅览室/ [索取号:O63/107] 在馆    
2 1339709   213397091   第三借阅区/ [索取号:O63/107] 在馆    
3 1339710   213397108   第三借阅区/ [索取号:O63/107] 在馆    
4 1339711   213397117   第三借阅区/ [索取号:O63/107] 在馆    
唐山师范学院图书馆 欢迎您!
大连网信软件有限公司© 版权所有